Παιδαγωγικά της λαογραφίας
Saved in:
| Main Author: | |
|---|---|
| Format: | Book |
| Language: | Greek |
| Published: |
[Αθήνα] :
Ιωλκός,
[2001]
|
| Series: | Μελέτες - Δοκίμια (Ιωλκός)
; 3 |
| Subjects: | |
| Tags: |
Add Tag
No Tags, Be the first to tag this record!
|
MARC
| LEADER | 00000cam a2200000 i 4500 | ||
|---|---|---|---|
| 001 | 1/32298 | ||
| 008 | 030206s2001 gre d | ||
| 020 | |a 960-426-198-3 | ||
| 035 | |l 10069313 | ||
| 040 | |a GR-MY-UA |b gre |e aacr | ||
| 041 | 0 | |a gre | |
| 082 | 0 | |a 398.09495 |2 (22) | |
| 100 | 1 | |a Μερακλής, Μιχάλης Γ., |d 1932- | |
| 245 | 1 | 0 | |a Παιδαγωγικά της λαογραφίας / |c Μ.Γ. Μερακλής |
| 260 | |a [Αθήνα] : |b Ιωλκός, |c [2001] | ||
| 300 | |a 222 σ.; |c 21 εκ. | ||
| 490 | 1 | |a Μελέτες - Δοκίμια |v ; 3 | |
| 650 | 0 | 0 | |a Folklore |z Greece. |
| 650 | 0 | 0 | |a Folk art |z Greece. |
| 651 | 0 | |a Greece |x Social life and customs. | |
| 830 | 0 | |a Μελέτες - Δοκίμια (Ιωλκός) |v ; 3 | |
| 852 | |a INST |b RHODES |e 20030206 |h 398.09495 ΜΕΡ |p 005400015824 |q 005400015824 |t BK |y 0 | ||
| 852 | |a INST |b RHODES |e 20080124 |h 398.09495 ΜΕΡ |p 005400030152 |q 005400030152 |t BK |y 0 | ||
| 852 | |a INST |b RHODES |e 20090326 |h 398.09495 ΜΕΡ |p 005400031980 |q 005400031980 |t BK |y 0 | ||
| 852 | |a INST |b RHODES |e 20110323 |h 398.09495 ΜΕΡ |p 005400033015 |q 005400033015 |t BK |y 0 | ||
| 901 | |a BIBL4-2003-1 | ||
| 909 | |a Ρ |b 101641 | ||
| 909 | |a Ρ |b 144433 | ||
| 909 | |a Ρ |b 157013 | ||
| 909 | |a Ρ |b 163489 | ||
| 922 | |a 4ΕΛΗ |b 200801 |c ΕΠΕΑΕΚ2/ΠΤΔΕ |d Σ. ΠΑΤΑΚΗΣ | ||
| 970 | |z 2003/02/06 | ||